Span tables for solid timber members in floors, ceilings and roofs (excluding trussed rafter roofs) for dwellings (Record no. 107625)

MARC details
000 -LEADER
fixed length control field 00941cam a22002295a 4500
001 - CONTROL NUMBER
control field L141298
008 - FIXED-LENGTH DATA ELEMENTS--GENERAL INFORMATION
fixed length control field 071114s2005 xxk a bf t 000 0 eng d
020 ## - INTERNATIONAL STANDARD BOOK NUMBER
International Standard Book Number 1900510464
035 ## - SYSTEM CONTROL NUMBER
System control number (Sirsi) u141298
041 0# - LANGUAGE CODE
Language code of text/sound track or separate title eng
050 04 - LIBRARY OF CONGRESS CALL NUMBER
Classification number 694.01 $2 18
110 2# - MAIN ENTRY--CORPORATE NAME
Corporate name or jurisdiction name as entry element Timber Research and Development Association
245 00 - TITLE STATEMENT
Title Span tables for solid timber members in floors, ceilings and roofs (excluding trussed rafter roofs) for dwellings
250 ## - EDITION STATEMENT
Edition statement Reprinted with amendments March 2005
260 ## - PUBLICATION, DISTRIBUTION, ETC.
Place of publication, distribution, etc. High Wycombe
Name of publisher, distributor, etc. TRADA Technology
Date of publication, distribution, etc. 2005
300 ## - PHYSICAL DESCRIPTION
Extent 48 p.
Other physical details col. ill., 1 map
Dimensions 30 cm.
490 #0 - SERIES STATEMENT
Series statement TRADA Technology Design Aid
Volume/sequential designation DA 1/2004
520 ## - SUMMARY, ETC.
Summary, etc. Provides section sizes and spans of timber members for floors, ceilings and certain types of roof. Applies to single occupancy dwellings of up to three storeys.
651 #4 - SUBJECT ADDED ENTRY--GEOGRAPHIC NAME
Geographic name United Kingdom
Chronological subdivision
690 ## - LOCAL SUBJECT ADDED ENTRY--TOPICAL TERM (OCLC, RLIN)
Topical term or geographic name as entry element BUILT ENVIRONMENT-BUILDING MATERIALS-TIMBER-TIMBER AND WOOD
942 ## - ADDED ENTRY ELEMENTS (KOHA)
Suppress in OPAC 0
Holdings
Withdrawn status Lost status Source of classification or shelving scheme Damaged status Not for loan Home library Current library Shelving location Date acquired Total Checkouts Full call number Barcode Date last seen Date last checked out Copy number Price effective from Koha item type
    Dewey Decimal Classification     London London Books 14/11/2007 1 F694.01 TRA 30074349 06/08/2019 16/11/2007 1 06/08/2019 Book